Organizations: behavior structure processes. (Record no. 198785)
[ view plain ]
| 000 -LEADER | |
|---|---|
| fixed length control field | 00469nam a2200157Ia 4500 |
| 008 - FIXED-LENGTH DATA ELEMENTS--GENERAL INFORMATION | |
| fixed length control field | 210716s1994 xx 000 0 und d |
| 020 ## - INTERNATIONAL STANDARD BOOK NUMBER | |
| International Standard Book Number | 0256112401 |
| 041 ## - LANGUAGE CODE | |
| Language code of text/sound track or separate title | eng |
| 082 ## - DEWEY DECIMAL CLASSIFICATION NUMBER | |
| Classification number | 658.4 GIBJ |
| 100 ## - MAIN ENTRY--PERSONAL NAME | |
| Personal name | Gibson, James L;Ivancevich, John M;Donnelly, James H. |
| 245 ## - TITLE STATEMENT | |
| Title | Organizations: behavior structure processes. |
| Remainder of title | Behavior structure processes. |
| 250 ## - EDITION STATEMENT | |
| Edition statement | 8 |
| 260 ## - PUBLICATION, DISTRIBUTION, ETC. | |
| Place of publication, distribution, etc. | New Jersey |
| Name of publisher, distributor, etc. | Irwin |
| Date of publication, distribution, etc. | 1994 |
| 300 ## - PHYSICAL DESCRIPTION | |
| Extent | xxvi,802 |
| 650 ## - SUBJECT ADDED ENTRY--TOPICAL TERM | |
| Topical term or geographic name entry element | Organisational Behavior |
| Withdrawn status | Lost status | Source of classification or shelving scheme | Damaged status | Not for loan | Collection code | Home library | Current library | Date acquired | Total Checkouts | Full call number | Barcode | Date last seen | Price effective from | Koha item type |
|---|---|---|---|---|---|---|---|---|---|---|---|---|---|---|
| Dewey Decimal Classification | Reference Book | MBA | St Aloysius Institute of Management & Information Technology | St Aloysius Institute of Management & Information Technology | 01/31/2005 | 658.4 GIBJ | MBA01350 | 07/21/2025 | 07/16/2021 | Book |